| 000 | 00794nam a2200241 i 4500 | ||
|---|---|---|---|
| 001 | 70803 | ||
| 003 | ES-MaACL | ||
| 005 | 20240430093533.0 | ||
| 007 | t| | ||
| 008 | 040803s1981 sp ||||1| spa d | ||
| 020 | _a84-359-0262-5 | ||
| 100 | 0 |
_aGarrido Chamorro, Manuel, _d1923-1990 _955691 |
|
| 245 | 1 | 0 |
_aA través de las frondas doradas _b: (un ensayo de perspectivas desde el otoño de la vida) / _cManuel Garrido Chamorro. |
| 260 |
_a[Madrid] : _bPlayor, _c[1981] |
||
| 300 |
_a103 p. ; _c19 cm. |
||
| 490 | 1 | _aNueva poesía | |
| 830 | 0 |
_aNueva poesía (Playor) _9180866 |
|
| 852 |
_aES-MaACL _jL-2528 _bR.102857 |
||
| 852 |
_aES-MaACL _jL-2141 _bR.102858 |
||
| 852 |
_aES-MaACL _jL-2142 _bR.102859 |
||
| 852 |
_aES-MaACL _jL-9343 _bR.108845 |
||
| 999 |
_c70803 _d70803 |
||